भारतीय समाजशास्त्र/ (Record no. 38988)

MARC details
000 -LEADER
fixed length control field 03153nam a22001937a 4500
020 ## - INTERNATIONAL STANDARD BOOK NUMBER
ISBN 9788131612941
082 ## - DEWEY DECIMAL CLASSIFICATION NUMBER
Classification number 301.954
Item number BHA-
245 ## - TITLE STATEMENT
Title भारतीय समाजशास्त्र/
Statement of responsibility, etc योगेन्द्र सिंह
246 ## - VARYING FORM OF TITLE
Title proper/short title BHARTIYAA SAMAJSHASTRA
260 ## - PUBLICATION, DISTRIBUTION, ETC. (IMPRINT)
Place of publication जयपुर:
Name of publisher रावत,
Year of publication 2023.
300 ## - PHYSICAL DESCRIPTION
Number of Pages 299p.
Other physical details Include Reference.
520 ## - SUMMARY, ETC.
Summary, etc ‘भारतीय समाजशास्त्र’, समाजशास्त्रीय निबंधों का संग्रह है। पाठकों को इन निबंधों के माध्यम से उन सामाजिक और ऐतिहासिक परिप्रेक्ष्यों से परिचित कराया गया है, जिन्होंने भारतीय समाजशास्त्र के सिद्धांतों, पद्धतियों और सामाजिक प्रक्रियाओं के विकास की दिशाओं का निर्धारण किया है। सामाजिक शक्तियां और ऐतिहासिक संदर्भ, ज्ञान और सिद्धांतों के चेतन या अचेतन ढंग को किस प्रकार से प्रभावित करते हैं, यह इन निबंधों को पढ़ने से पाठकों को आभास होगा।<br/>इस पुस्तक की सामग्री को दो भागों में विभाजित किया गया है। पहले भाग में सैद्धांतिक पक्षों से जुड़े हुए लेख हैं, जो भारतीय समाजशास्त्र के सैद्धांतिक विकास पर प्रकाश डालते हैं। दूसरे भाग में समाजशास्त्रीय विषय-वस्तु संबंधी भारतीय अध्ययनों से जुड़े हुए लेखों का संकलन किया गया है। अन्त में, वर्तमान समय में समाजशास्त्र में आए परिवर्तन एवं उनसे उत्पन्न समस्याओं पर विस्तार से विचार विमर्श किया गया है।<br/>आशा करते हैं कि यह पुस्तक भारतीय समाजशास्त्र के शिक्षकों, विद्यार्थियों और सामान्य पाठकों के लिए उपयोगी सिद्ध होगी।
546 ## - LANGUAGE NOTE
Language note Hindi.
650 ## - SUBJECT ADDED ENTRY--TOPICAL TERM
Topical Term संस्कृति
650 ## - SUBJECT ADDED ENTRY--TOPICAL TERM
Topical Term जाति
Form subdivision वर्ग
700 ## - ADDED ENTRY--PERSONAL NAME
Personal name सिंह,योगेन्द्र
Relator term संपादक
700 ## - ADDED ENTRY--PERSONAL NAME
Personal name मंजू भट्ट
Relator term संपादक
942 ## - ADDED ENTRY ELEMENTS (KOHA)
Source of classification or shelving scheme Dewey Decimal Classification
Koha item type Books
Holdings
Withdrawn status Lost status Damaged status Not for loan Collection code Home library Current library Date acquired Source of acquisition Cost, normal purchase price Bill Date Full call number Accession Number Cost, replacement price Price effective from Koha item type
        हिंदी पुस्तकों पर विशेष संग्रह NASSDOC Library NASSDOC Library 21/03/2024 Rajasthani Granthagar 790.59 19-03-2024 301.3 BHA- 54152 1095.00 21/03/2024 Books